| 000 | 00644nam a22001937a 4500 | ||
|---|---|---|---|
| 999 |
_c15092 _d15092 |
||
| 003 | OSt | ||
| 082 | _2631.56 DWI/DE | ||
| 088 | _aP 97 | ||
| 100 |
_aDWIJA L. R _92505 |
||
| 100 |
_aGISHA G. NAIR _92506 |
||
| 100 |
_aRAJESH P. D _92507 |
||
| 245 | _aDevelopment and testing of a cassava peeler | ||
| 260 |
_aTavanur 2000 _bKelappaji College of Agricultural Engineering and Technology |
||
| 300 | _a44 | ||
| 500 | _aDevelopment and testing of a cassava peeler | ||
| 520 | _atuber crops carbohydrates cassava is the most utilized yuber crop as food, feed and industrial raw material | ||
| 700 |
_aEr. Prince M. V (Guide) _92280 |
||
| 942 | _cPR | ||